Динамика изоморфного разрушения скользящего токосъёма; Энергетик; № 9
| Parent link: | Энергетик.— , 1928- № 9.— 2011.— [С. 36-38] |
|---|---|
| Hlavní autor: | |
| Korporativní autor: | |
| Další autoři: | |
| Shrnutí: | Заглавие с экрана Создана аналитическая модель динамики фрактального разрушения тонкого контактного слоя скольжения щётки электрических машин и аппаратов для установившегося режима работы скользящего токосъёма (СТ). Анализ динамики разрешения выявил изменение свойств стационарного потока фракций тел скольжения в контактном пространстве от динамики движения, ориентации пространства и свойств среды многомерного контактного слоя. Получена простая система уравнений транзита фракций разрушения скользящего токосъёма. Режим доступа: по договору с организацией-держателем ресурса |
| Jazyk: | ruština |
| Vydáno: |
2011
|
| Témata: | |
| On-line přístup: | http://elibrary.ru/item.asp?id=16923196 |
| Médium: | MixedMaterials Elektronický zdroj Kapitola |
| KOHA link: | https://koha.lib.tpu.ru/cgi-bin/koha/opac-detail.pl?biblionumber=638819 |
MARC
| LEADER | 00000naa0a2200000 4500 | ||
|---|---|---|---|
| 001 | 638819 | ||
| 005 | 20250207160624.0 | ||
| 035 | |a (RuTPU)RU\TPU\network\3212 | ||
| 035 | |a RU\TPU\network\3204 | ||
| 090 | |a 638819 | ||
| 100 | |a 20150213d2011 k||y0rusy50 ca | ||
| 101 | 0 | |a rus | |
| 102 | |a RU | ||
| 135 | |a drcn ---uucaa | ||
| 181 | 0 | |a i | |
| 182 | 0 | |a b | |
| 200 | 1 | |a Динамика изоморфного разрушения скользящего токосъёма |f В. С. Деева, С. М. Слободян | |
| 203 | |a Текст |c электронный | ||
| 300 | |a Заглавие с экрана | ||
| 320 | |a [Библиогр.: с. 38 (6 назв.)] | ||
| 330 | |a Создана аналитическая модель динамики фрактального разрушения тонкого контактного слоя скольжения щётки электрических машин и аппаратов для установившегося режима работы скользящего токосъёма (СТ). Анализ динамики разрешения выявил изменение свойств стационарного потока фракций тел скольжения в контактном пространстве от динамики движения, ориентации пространства и свойств среды многомерного контактного слоя. Получена простая система уравнений транзита фракций разрушения скользящего токосъёма. | ||
| 333 | |a Режим доступа: по договору с организацией-держателем ресурса | ||
| 461 | |t Энергетик |d 1928- | ||
| 463 | |t № 9 |v [С. 36-38] |d 2011 | ||
| 610 | 1 | |a электронный ресурс | |
| 610 | 1 | |a труды учёных ТПУ | |
| 610 | 1 | |a электрические машины | |
| 610 | 1 | |a модель разрушения | |
| 610 | 1 | |a скользящие токосъёмы | |
| 700 | 1 | |a Деева |b В. С. |c специалист в области электротехники |c специалист по учебно-методической работе Томского политехнического университета, ассистент |f 1973- |g Вера Степановна |3 (RuTPU)RU\TPU\pers\30562 | |
| 701 | 1 | |a Слободян |b С. М. |c специалист в области электроэнергетики |c профессор Томского политехнического университета, доктор технических наук |f 1946- |g Степан Михайлович |3 (RuTPU)RU\TPU\pers\25829 | |
| 712 | 0 | 2 | |a Национальный исследовательский Томский политехнический университет (ТПУ) |b Институт природных ресурсов (ИПР) |b Кафедра геологии и разработки нефтяных месторождений (ГРНМ) |3 (RuTPU)RU\TPU\col\18657 |
| 801 | 2 | |a RU |b 63413507 |c 20150213 |g RCR | |
| 856 | 4 | |u http://elibrary.ru/item.asp?id=16923196 | |
| 942 | |c CF | ||